Loading...
Julius Caesar /
| Main Author: | |
|---|---|
| Other Authors: | |
| Format: | Printed Book |
| Language: | English |
| Published: |
New York:
Bobbs Merrill co.,
c1969.
|
| Subjects: |
| LEADER | 00526 a2200157 4500 | ||
|---|---|---|---|
| 008 | 150103s9999 000 0 eng | ||
| 082 | |a 822.33 | ||
| 100 | |a Shakespeare, William. | ||
| 245 | |a Julius Caesar / | ||
| 260 | |a New York: |b Bobbs Merrill co., |c c1969. | ||
| 300 | |a 194 p. | ||
| 650 | |a English drama | ||
| 700 | |a Charney, Maurice. | ||
| 942 | |c BK | ||
| 999 | |c 301622 |d 301622 | ||
| 952 | |0 0 |1 0 |2 ddc |4 0 |6 822_330000000000000_SHA_JU |7 0 |9 344946 |a DRA |b DRA |c ST1 |d 2010-09-08 |e Gift |i 198G |l 0 |o 822.33 SHA/JU |p DRA198G |r 2019-01-03 |w 2019-01-03 |y BK | ||